| 000 | 00344nam a22001337a 4500 | ||
|---|---|---|---|
| 003 | BD-DhUIB | ||
| 005 | 20251013201913.0 | ||
| 008 | 251013b |||||||| |||| 00| 0 eng d | ||
| 040 |
_aBD-DhUIB _cBD-DhUIB |
||
| 100 |
_aMoon, Chris. _91009 |
||
| 245 |
_aBusiness sthies faching up to the issues/ _cby Chris, Moon. |
||
| 526 | _aBBA | ||
| 942 |
_2ddc _cBK |
||
| 999 |
_c553 _d553 |
||